00700 2200253 4500001002100000005001500021035002000036007000300056008004100059020002200100082001000122084001600132100002500148245005200173250001100225260003900236300004200275700002600317700002500343700001700368650002900385990001600414990001600430INLIS00000000000318220240818094919 a0010-0824000202ta240818 0 ind  a978-623-6448-93-9 a657.8 a657.8 SUP a0 aSupriyanto, Stefanus1 aAdministrasi Rumah Sakit /cStefanus Supriyanto aCet. 1 aSidoarjo :bZifatama Jawara,c2023 avi + 556 hlm :bilus ;c15. 5 x 23 cm0 aWartiningish, Minarni0 aDavid Sukardi Kodrat0 aLilik Djuari 4aAdministrasi Rumah Sakit a00000005999 a00000006000